000 00914nam a2200241Ia 4500
003 OSt
005 20220923213230.0
006 a|||||r|||| 00| 0
007 ta
008 220922b |||||||| |||| 00| 0 hin d
024 _a160,059
037 _cTextual
040 _aARTS
_cARTS
_bhin
041 _2hin
_ahin
082 _aO152,1:g, K6
100 _aमिश्र, सुरेन्द्रनाथ
245 0 _aविरहानुभूति और काव्यःमहदेवी के काव्य एवं छायावाद के संदर्भ में
246 _aVirahānubhūti aur kāvyahhinadevī ke kāvya evan chhāyāvād ke sandarbha mean
260 _c1966
650 _aहिन्दी साहित्य
_9156264
942 _hO152,1:g, K6
_cTEXL
_2CC
999 _c314806
_d314806